<?xml version="1.0" encoding="UTF-8"?>
<record
    xmlns:xsi="http://www.w3.org/2001/XMLSchema-instance"
    xsi:schemaLocation="http://www.loc.gov/MARC21/slim http://www.loc.gov/standards/marcxml/schema/MARC21slim.xsd"
    xmlns="http://www.loc.gov/MARC21/slim">

  <leader>06239cam a2200325 a 4500</leader>
  <controlfield tag="001">16952053</controlfield>
  <controlfield tag="003">Nust- CAS-E</controlfield>
  <controlfield tag="005">20180118181404.0</controlfield>
  <controlfield tag="008">110908s2013    maua     b    001 0 eng  </controlfield>
  <datafield tag="010" ind1=" " ind2=" ">
    <subfield code="a">  2011037270</subfield>
  </datafield>
  <datafield tag="020" ind1=" " ind2=" ">
    <subfield code="a">9780132693240</subfield>
  </datafield>
  <datafield tag="020" ind1=" " ind2=" ">
    <subfield code="a">0132693240</subfield>
  </datafield>
  <datafield tag="035" ind1=" " ind2=" ">
    <subfield code="a">(OCoLC)ocn753468477</subfield>
  </datafield>
  <datafield tag="040" ind1=" " ind2=" ">
    <subfield code="a">DLC</subfield>
    <subfield code="c">DLC</subfield>
    <subfield code="d">YDX</subfield>
    <subfield code="d">YDXCP</subfield>
    <subfield code="d">CDX</subfield>
    <subfield code="d">UPM</subfield>
    <subfield code="d">DLC</subfield>
  </datafield>
  <datafield tag="050" ind1="0" ind2="0">
    <subfield code="a">Q180.55.M4</subfield>
    <subfield code="b">L43 2013</subfield>
  </datafield>
  <datafield tag="082" ind1="0" ind2="0">
    <subfield code="a">001.4</subfield>
    <subfield code="2">23</subfield>
    <subfield code="b">LEE 2013</subfield>
  </datafield>
  <datafield tag="100" ind1="1" ind2=" ">
    <subfield code="a">Leedy, Paul D.</subfield>
  </datafield>
  <datafield tag="245" ind1="1" ind2="0">
    <subfield code="a">Practical research :</subfield>
    <subfield code="b">planning and design /</subfield>
    <subfield code="c">Paul D. Leedy, Jeanne Ellis Ormrod.</subfield>
  </datafield>
  <datafield tag="250" ind1=" " ind2=" ">
    <subfield code="a">10th ed.</subfield>
  </datafield>
  <datafield tag="260" ind1=" " ind2=" ">
    <subfield code="a">Boston :</subfield>
    <subfield code="b">Pearson,</subfield>
    <subfield code="c">c2013.</subfield>
  </datafield>
  <datafield tag="300" ind1=" " ind2=" ">
    <subfield code="a">xix, 364 p. :</subfield>
    <subfield code="b">ill. ;</subfield>
    <subfield code="c">28 cm.</subfield>
  </datafield>
  <datafield tag="502" ind1=" " ind2=" ">
    <subfield code="a">0</subfield>
  </datafield>
  <datafield tag="504" ind1=" " ind2=" ">
    <subfield code="a">Includes bibliographical references and index.</subfield>
  </datafield>
  <datafield tag="505" ind1="0" ind2=" ">
    <subfield code="a">Note continued: Overview of Experimental, Quasi-Experimental, and Ex Post Facto Designs -- Pre-Experimental Designs -- Design 1 One-Shot Experimental Case Study -- Design 2 One-Group Pretest-Posttest Design -- Design 3 Static Group Comparison -- True Experimental Designs -- Design 4 Pretest-Posttest Control Group Design -- Design 5 Solomon Four-Group Design -- Design 6 Posttest-Only Control Group Design -- Design 7 Within-Subjects Design -- Quasi-Experimental Designs -- Design 8 Nonrandomized Control Group Pretest-Posttest Design -- Design 9 Simple Time-Series Design -- Design 10 Control Group, Time-Series Design -- Design 11 Reversal Time-Series Design -- Design 12 Alternating Treatments Design -- Design 13 Multiple Baseline Design -- Using Designs 11, 12, and 13 in Single-Subject Studies -- Ex Post Facto Designs -- Design 14 Simple Ex Post Facto Design -- Factorial Designs -- Design 15 Two-Factor Experimental Design -- Design 16 Combined Experimental and Ex Post Facto Design -- Practical Application: Determining Possible Cause-and-Effect Relationships -- Checklist: Looking for Confounding Variables -- Meta-Analyses -- Conducting Experiments on the Internet -- Testing Your Hypotheses, and Beyond -- Conceptual Analysis Exercise: Identifying Research Designs -- A Sample Dissertation -- For Further Reading -- Answers to the Conceptual Analysis Exercise "Identifying Research Designs" -- ch. 10 Mixed-Methods Research -- When Mixed-Methods Designs Are Most Useful and Appropriate -- Common Mixed-Methods Designs -- Planning a Mixed-Methods Study -- Identifying Research Questions and Hypotheses -- Conducting the Literature Review -- Addressing Validity Concerns -- Special Ethical Considerations in Mixed-Methods Research -- Practical Application: Deciding Whether to Use a Mixed-Methods Design -- Checklist: Pinning Down the Logistics and Feasibility of a Mixed-Methods Study -- Analyzing and Interpreting Mixed-Methods Data -- A Sample Dissertation -- For Further Reading -- ch. 11 Strategies for Analyzing Quantitative Data -- Exploring and Organizing a Data Set -- Organizing Data to Make Them Easier to Think about and Interpret -- Using Computer Spreadsheets to Organize and Analyze Data -- Choosing Appropriate Statistics -- Functions of Statistics -- Statistics as Estimates of Population Parameters -- Considering the Nature of the Data -- Single-Group versus Multi-Group Data -- Continuous versus Discrete Variables -- Nominal, Ordinal, Interval, and Ratio Data -- Normal and Non-Normal Distributions -- Choosing between Parametric and Nonparametric Statistics -- Descriptive Statistics -- Measures of Central Tendency -- Curves Determine Means -- Measures of Central Tendency as Predictors -- Measures of Variability: Dispersion and Deviation -- How Great Is the Spread? -- Using the Mean and Standard Deviation to Calculate Standard Scores -- Keeping Measures of Central Tendency and Variability in Perspective -- Measures of Association: Correlation -- How Validity and Reliability Affect Correlation Coefficients -- A Reminder about Correlation -- Inferential Statistics -- Estimating Population Parameters -- An Example: Estimating a Population Mean -- Point versus Interval Estimates -- Testing Hypotheses -- Making Errors in Hypothesis Testing -- Another Look at Statistical Hypotheses versus Research Hypotheses -- Examples of Statistical Techniques for Testing Hypotheses -- Meta-Analysis -- Using Statistical Software Packages -- Interpreting the Data -- A Sample Dissertation -- Practical Application: Analyzing Data in a Quantitative Study -- Checklist: Questions to Consider When Choosing a Statistical Procedure -- For Further Reading -- pt. V Preparing the Research Report -- ch. 12 Writing the Final Research Report -- Getting Started -- Surfing the Internet for Writing Assistance -- Learn by Looking -- Planning a Research Report -- Description of the Research Problem -- Description of the Method -- Presentation of the Data -- Interpretation of the Data -- Concluding the Report -- Maintaining Your Academic Integrity -- Front Matter and End Matter -- Preliminary Pages -- Endnotes and Footnotes -- Reference List -- Appendix Content -- Organizing the Research Report -- Preparing the Report -- Style of Prose -- General Principles of Writing -- Practical Application: Developing a Writing Schedule -- Guidelines: Developing a Workable Schedule -- Practical Application: Critiquing a Research Report -- Checklist: Criteria for Critiquing a Research Report -- Beyond the Unpublished Research Report: Presenting and Publishing -- Conference Presentations -- Practical Application: Presenting Your Research at a Professional Conference -- Guidelines: Presenting an Effective Paper or Poster -- Journal Articles -- Sharing Authorship -- Responding to Reviewers' Critiques -- A Closing Thought -- For Further Reading -- Appendix A Using a Spreadsheet: Microsoft Excel -- Using Excel to Keep Track of Literature Resources -- Using Excel to Record and Recode Data -- Reorganizing Data in Excel -- Using Excel to Perform Simple Statistical Analyses -- Appendix B Using SPSS -- Creating a Data Set -- Computing Basic Descriptive Statistics -- Computing Inferential Statistics.</subfield>
  </datafield>
  <datafield tag="650" ind1=" " ind2="0">
    <subfield code="a">Research</subfield>
    <subfield code="x">Methodology.</subfield>
  </datafield>
  <datafield tag="700" ind1="1" ind2=" ">
    <subfield code="a">Ormrod, Jeanne Ellis.</subfield>
  </datafield>
  <datafield tag="906" ind1=" " ind2=" ">
    <subfield code="a">7</subfield>
    <subfield code="b">cbc</subfield>
    <subfield code="c">orignew</subfield>
    <subfield code="d">1</subfield>
    <subfield code="e">ecip</subfield>
    <subfield code="f">20</subfield>
    <subfield code="g">y-gencatlg</subfield>
  </datafield>
  <datafield tag="942" ind1=" " ind2=" ">
    <subfield code="2">ddc</subfield>
    <subfield code="c">BK</subfield>
  </datafield>
  <datafield tag="999" ind1=" " ind2=" ">
    <subfield code="c">355513</subfield>
    <subfield code="d">355513</subfield>
  </datafield>
  <datafield tag="952" ind1=" " ind2=" ">
    <subfield code="0">0</subfield>
    <subfield code="1">0</subfield>
    <subfield code="2">ddc </subfield>
    <subfield code="4">0</subfield>
    <subfield code="7">0</subfield>
    <subfield code="a">CAS-E</subfield>
    <subfield code="b">CAS-E</subfield>
    <subfield code="c">GEN</subfield>
    <subfield code="d">2015-06-02</subfield>
    <subfield code="e">Progressive Int.</subfield>
    <subfield code="l">0</subfield>
    <subfield code="o">001.4 LEE 2013</subfield>
    <subfield code="p">CAS-E0000484</subfield>
    <subfield code="r">2015-06-02</subfield>
    <subfield code="v">9702.00</subfield>
    <subfield code="w">2015-06-02</subfield>
    <subfield code="y">BK</subfield>
  </datafield>
</record>
